Macroeconomics

Gespeichert in:
Bibliographische Detailangaben
1. Verfasser: Williamson, Stephen D.
Format: Buch
Sprache:Englisch
Veröffentlicht: Harlow Pearson 2018
Ausgabe:6th Edition
Schriftenreihe:<The> Pearson Series in Economics
Schlagworte:
Tags: Tag hinzufügen
Keine Tags, Fügen Sie das erste Tag hinzu!

MARC

LEADER 00000nam a2200000 4500
001 0249366
005 20240221112936.5
020 |a 978-1-292-21576-1 
020 |a 1-292-21576-3 
041 0 |a eng 
044 |a GB 
245 1 0 |a Macroeconomics  |c Stephen D. Williamson 
250 |a 6th Edition 
264 1 |a Harlow  |b Pearson  |c 2018 
300 |a 731 s. 
490 1 |a <The> Pearson Series in Economics 
830 0 |a <The> Pearson Series in Economics 
610 2 0 |a makroekonomika 
610 2 0 |a meranie 
610 2 0 |a modely ekonomické 
610 2 0 |a nezamestnanosť 
610 2 0 |a rast hospodársky 
610 2 0 |a úspory 
610 2 0 |a investície 
610 2 0 |a peniaze 
610 2 0 |a cykly podnikateľské 
610 2 0 |a obchod medzinárodný 
610 2 0 |a bankovníctvo 
610 2 0 |a inflácia 
100 1 |a Williamson, Stephen D.